|
|
|
|
| LEADER |
00000nam a2200000 a 4500 |
| 001 |
vtls001071627 |
| 003 |
SK-MaSNL |
| 005 |
20260301000514.0 |
| 008 |
250414s1992 xo slo |
| 015 |
|
|
|a SNBA1993/06
|
| 020 |
|
|
|a 8022600091
|
| 035 |
|
|
|a SNK000014458
|
| 035 |
|
|
|a urn:nbn:sk:snk-amljt4
|
| 035 |
|
|
|a urn:nbn:sk:snk-am00bmx7
|
| 035 |
|
|
|a CE5F157A-41FC-47B0-8C9E-5E9BA2AD0DDE
|
| 040 |
|
|
|a SNK
|b slo
|c SNK
|e AACR2
|
| 041 |
0 |
|
|a slo
|
| 044 |
|
|
|a xo
|c SK
|
| 080 |
|
|
|a 908.499:779
|2 1981
|
| 080 |
|
|
|a 779
|2 1981
|
| 080 |
|
|
|a (084.12)
|2 2001
|
| 100 |
1 |
|
|a Lacika, Ivan
|4 aut
|9 277239
|
| 245 |
1 |
0 |
|a Grécko
|c Ivan Lacika, Miloš Vančo ; Fotogr. vybr. a zost. Ivan Reguli ; Graf. upr. Oto Šmidt ; Fotogr. Miloš Vančo
|
| 250 |
|
|
|a 1. vyd.
|
| 260 |
|
|
|a Bratislava
|b TK SR-Pressfoto
|c 1992
|e Martin
|f Neografia
|
| 300 |
|
|
|a 132 s., 34,14 AH, 34,17 VH
|b Fotogr., mp., reg., res. angl., nem., rus.
|c 32 cm
|
| 490 |
1 |
|
|a Krajina mojich snov
|
| 500 |
|
|
|a Ilustr. na rozlož. tit. liste. Mp. na predsádkach
|
| 651 |
|
7 |
|a Grécko
|2 SNKPHgeo
|9 16240
|
| 655 |
|
7 |
|a fotografické publikácie
|2 SNKPH
|9 70483
|
| 700 |
1 |
|
|a Vančo, Miloš,
|d 1945-
|4 aut
|9 7748
|
| 700 |
1 |
|
|a Reguli, Ivan
|4 com
|9 277351
|
| 700 |
1 |
|
|a Šmidt, Oto
|4 ill
|9 277241
|
| 700 |
1 |
|
|a Vančo, Miloš,
|d 1945-
|4 pht
|9 7748
|
| 852 |
|
|
|a Slovenská národná knižnica
|
| 919 |
|
|
|a 80-226-0009-1
|
| 954 |
|
|
|a Grécko
|a fotografie
|
| 958 |
|
|
|a OND
|
| 999 |
|
|
|c 532813
|d 534743
|
| 952 |
|
|
|t P60, <04>, [BOOK], {604}
|a SNK
|b SNK
|y VYP
|7 0
|p 17A0051780
|o snkSB 50828 D1
|0 0
|1 0
|4 0
|d 1997-03-03
|l 0
|r 2004-12-31 00:00:00
|w 2026-02-23
|
| 952 |
|
|
|t P60, <03>, [BOOK], {603}
|a SNK
|b SNK
|y PREZ
|7 0
|p 17A0186469
|o snkSB 50828
|0 0
|1 0
|4 0
|d 1999-03-24
|f 1
|l 0
|r 2016-12-31 00:00:00
|w 2026-02-23
|